| 000 | 00477nam a22001457a 4500 | ||
|---|---|---|---|
| 008 | 111209t xxu||||| |||| 00| 0 eng d | ||
| 050 |
_aBR 1430 _b.R47 1991 |
||
| 245 | _aReport on multicultural mission strategy | ||
| 260 |
_aIllinois _bCommission for multicultural ministries _c1991 |
||
| 300 |
_a143 p. _c23 cm |
||
| 650 | _aEvangelistic work-Lutheran church | ||
| 650 | _aEthnicity-Religious aspects-Lutheran church | ||
| 650 | _aChristianity and culture | ||
| 942 |
_2lcc _cBK |
||
| 999 |
_c39932 _d39932 |
||